000 02287nam a2200289Ia 4500
005 20160120085757.0
008 130821q1730 sp a fr 1 latsd
040 _aCo-BoUCM
_bspa
_cSandra Yazo (modificó)
_dSandra Yazo (modificó)
041 0 _alat
082 0 4 _a270.1
_220
092 _aE02N106
100 1 _aCatoyra, Ignacio
_974964
242 0 0 _aOpúsculo resumido en el que se demuestra el recorrido y la predicación del Apóstol Santiago, el de Zebedeo, en España. En respuesta a la disertación histórica que lo niega, recientemente publicada en Lisboa por el P. Fray Miguel de Santa María.
_cPor el R. P. Fr. Ignacio Catoyra
_yspa
245 1 0 _aOpusculum ostensivum peragrationis praedicationisque Sanctissimi Iacobi Zebedei in Hispania: breviter perstrictum & elaboratum ... Contra dissertationem historicam his contradicentem: per R. P. Fr. Michaelem a Sancta Maria ... Ullyssiponis novissime suscitatam ...
_ca R. P. Fr. Ignatio Cattoira
260 _aGadibus [Cádiz] (España)
_bHierónymi de Peralta [Jerónimo de Peralta]
_c[1730?]
300 _a[26], 146, [3] páginas
_bilustración
_c20 x 14 cm.
500 _aDetalles físicos: Sin encuadernación original, actualmente encuadernación rígida (holandesa) en cartón forrado en papel y lomo en tela encolada con adornos en dorado. Guardas. Portada impresa en una sola tinta con orla decorativa. Grabado con el emblema de la Compañía de Jesús. Dedicatoria. Cenefas y remates. Mayúsculas capitales. Licencias y permisos. Prólogo. Texto impreso en una sola columna con varios tipos y tamaños de letra. Signaturas. Reclamos. Erratas al final. Ejemplar en buen estado de conservación. Página 1 con rotura
500 _aFecha de públicación tomada de la licencia
506 _aConsulta en sala
520 _aVeinticuatro demostraciones de la presencia y predicación del Apóstol Santiago en España. Y se refutan algunas tesis y opiniones en contrario
546 _aTexto en latín
600 1 4 _aSantiago el Mayor
_cSanto
_92849
650 7 _aHistoria eclesiástica
_916937
_zEspaña
690 _942850
_aIglesias
856 4 1 _zDisponible en línea
_uhttp://books.google.com.co/books?id=67cwk8uNC5sC&printsec=frontcover&hl=es#v=onepage&q&f=false
942 _cLIBRO
_a4
_e1
_2LOCAL
_hE02N106
999 _c67324
_d67324